[Event "Madrid ch Veteranos 2122"]
[Site "Madrid ESP"]
[Date "2022.04.01"]
[Round "5.2"]
[White "Barez Menendez, Hector"]
[Black "Martin Martin, Luis Vicente"]
[Result "1-0"]
[WhiteElo "2062"]
[BlackElo "1927"]
[PlyCount "57"]
[EventDate "2022.03.28"]
[EventType "swiss"]
[EventRounds "9"]
[EventCountry "ESP"]
[SourceTitle "Ajedrez en Madrid"]
[Source "lmi"]
[SourceDate "2022.03.28"]
[SourceVersion "1"]
[SourceVersionDate "2022.04.18"]
[SourceQuality "1"]

1. Nf3 d5 2. d4 Nf6 3. c4 c6 4. Qc2 a6 5. g3 Bg4 6. Bg2 e6 7. O-O Nbd7 8. a4
Qa5 9. c5 b5 10. b4 Qd8 11. Bg5 Be7 12. Ne5 Nxe5 13. dxe5 Bf5 14. Qb2 Nd7 15.
Bxe7 Kxe7 16. Nd2 Qc7 17. f4 Rhb8 18. a5 f6 19. e4 dxe4 20. Bxe4 fxe5 21. Bxf5
exf5 22. fxe5 g6 23. Nf3 Re8 24. Rad1 Rad8 25. Rd6 Nf8 26. Qb3 Qc8 27. Ng5 Rxd6
28. exd6+ Kf6 29. h4 1-0

[Event "Madrid ch Veteranos 2122"]
[Site "Madrid ESP"]
[Date "2022.04.01"]
[Round "5.3"]
[White "Cabanas Bravo, Juan Andres"]
[Black "Martin Rodriguez, Emilio"]
[Result "1-0"]
[WhiteElo "1903"]
[BlackElo "2032"]
[PlyCount "123"]
[EventDate "2022.03.28"]
[EventType "swiss"]
[EventRounds "9"]
[EventCountry "ESP"]
[SourceTitle "Ajedrez en Madrid"]
[Source "lmi"]
[SourceDate "2022.03.28"]
[SourceVersion "1"]
[SourceVersionDate "2022.04.18"]
[SourceQuality "1"]

1. e4 c6 2. Nc3 d5 3. d4 g6 4. e5 h5 5. Bg5 Qa5 6. Qd2 e6 7. a3 a6 8. Bd3 c5 9.
dxc5 Bxc5 10. Nf3 Bb4 11. O-O Bxc3 12. bxc3 Nc6 13. Rfe1 d4 14. cxd4 Qxd2 15.
Bxd2 Nge7 16. Reb1 O-O 17. a4 Rd8 18. c3 Kg7 19. Kf1 f6 20. exf6+ Kxf6 21. Ke2
Re8 22. Bg5+ Kg7 23. Kd2 Nf5 24. Rb6 Nd6 25. Ne5 Nxe5 26. dxe5 Nf5 27. Bc4 Kf7
28. Kc2 Ne7 29. Rd1 Nc6 30. Bf6 Ra7 31. Rd3 Nb8 32. Rbd6 Nc6 33. Rd2 Na5 34.
Be2 Nc6 35. f4 Ne7 36. Bf3 b5 37. axb5 axb5 38. Kb3 Nd5 39. Bxd5 exd5 40. Kb4
Be6 41. Bd8 Rb7 42. Rb6 Rxb6 43. Bxb6 Rc8 44. Bc5 Rb8 45. Ra2 Rb7 46. Ra8 Bd7
47. Rf8+ Kg7 48. Rf6 Be8 49. Rd6 Rd7 50. Rf6 Rb7 51. Bf8+ Kg8 52. Bd6 Kg7 53.
Kc5 Bf7 54. h3 h4 55. Kc6 Ra7 56. Bc5 Ra6+ 57. Bb6 Ra2 58. Bd4 Rc2 59. e6 Be8+
60. Kxd5 Rd2 61. Rf7+ Kg8 62. Re7 1-0

[Event "Madrid ch Veteranos 2122"]
[Site "Madrid ESP"]
[Date "2022.04.01"]
[Round "5.4"]
[White "Herrero Reques, Sergio"]
[Black "Marcos Herrero, Francisco"]
[Result "1/2-1/2"]
[WhiteElo "2029"]
[BlackElo "1897"]
[PlyCount "117"]
[EventDate "2022.03.28"]
[EventType "swiss"]
[EventRounds "9"]
[EventCountry "ESP"]
[SourceTitle "Ajedrez en Madrid"]
[Source "lmi"]
[SourceDate "2022.03.28"]
[SourceVersion "1"]
[SourceVersionDate "2022.04.18"]
[SourceQuality "1"]

1. d4 Nf6 2. c4 e6 3. Nf3 d5 4. g3 g6 5. Bg2 Bg7 6. O-O O-O 7. Nc3 Nc6 8. cxd5
exd5 9. Bf4 a6 10. Ne5 Ne7 11. a4 c6 12. b4 Nh5 13. Be3 f5 14. f4 Nf6 15. b5
axb5 16. axb5 Rxa1 17. Qxa1 Ne4 18. bxc6 Nxc6 19. Rb1 Na5 20. Rb5 b6 21. Nxd5
Ba6 22. Rxb6 Qxd5 23. Rxa6 Nc4 24. Nxc4 Qxc4 25. Bxe4 fxe4 26. Qa2 Qxa2 27.
Rxa2 Rd8 28. Kg2 Bxd4 29. Rd2 Bb6 30. Rxd8+ Bxd8 31. Kh3 Kf7 32. Kg4 Ke6 33.
Ba7 h5+ 34. Kh3 Kf5 35. Be3 Be7 36. Kg2 Bb4 37. h3 Ba5 38. Kf2 Bb4 39. Bc1 Ba5
40. Be3 Bb4 41. Ba7 Bd2 42. e3 Bb4 43. Ke2 Ba5 44. Kd1 Bb4 45. Bd4 Ba5 46. Bb2
Bb6 47. Bc1 Bc7 48. Kc2 g5 49. Bd2 g4 50. h4 Bb6 51. Kb3 Bd8 52. Be1 Bb6 53.
Bd2 Bd8 54. Kc4 Bf6 55. Kd5 Bb2 56. Kd6 Ba3+ 57. Kd7 Bc5 58. Ke8 Ke6 59. Kd8
1/2-1/2

[Event "Madrid ch Veteranos 2122"]
[Site "Madrid ESP"]
[Date "2022.04.01"]
[Round "5.5"]
[White "De Paz Nistal, Santiago"]
[Black "Lorenzo Bailador, Alfredo"]
[Result "1/2-1/2"]
[WhiteElo "1873"]
[BlackElo "1985"]
[PlyCount "92"]
[EventDate "2022.03.28"]
[EventType "swiss"]
[EventRounds "9"]
[EventCountry "ESP"]
[SourceTitle "Ajedrez en Madrid"]
[Source "lmi"]
[SourceDate "2022.03.28"]
[SourceVersion "1"]
[SourceVersionDate "2022.04.18"]
[SourceQuality "1"]

1. e4 e5 2. Nf3 Nc6 3. Bb5 a6 4. Ba4 Nf6 5. O-O Nxe4 6. d4 b5 7. Bb3 d5 8. dxe5
Be6 9. c3 Bc5 10. Nbd2 O-O 11. Bc2 Bf5 12. Nb3 Bg4 13. Bf4 Bb6 14. Qe2 Nc5 15.
Rad1 Ne7 16. Bxh7+ Kh8 17. Bc2 Ne6 18. Bc1 c5 19. h3 Bh5 20. g4 Bg6 21. Bg5
Nxg5 22. Nxg5 Bxc2 23. Qxc2 Ng6 24. Nxf7+ Rxf7 25. Qxg6 Re7 26. f4 a5 27. Kg2
a4 28. Nc1 Qc7 29. Kg3 Rd8 30. Rd3 c4 31. Rdf3 d4 32. cxd4 Bxd4 33. Qc2 Red7
34. Ne2 Bb6 35. Nc3 Rd2 36. Qb1 Qc6 37. Ne4 R2d3 38. Nd6 R8xd6 39. exd6 Qxd6
40. Rxd3 cxd3 41. Qc1 d2 42. Qc8+ Bd8 43. Qc2 Qd4 44. Rd1 Qe3+ 45. Kg2 Qe2+ 46.
Kg3 Qe3+ 1/2-1/2

[Event "Madrid ch Veteranos 2122"]
[Site "Madrid ESP"]
[Date "2022.04.01"]
[Round "5.6"]
[White "Luque Ibanes, Manuel"]
[Black "Rojas Pozo, Jose Luis"]
[Result "1/2-1/2"]
[WhiteElo "1966"]
[BlackElo "1856"]
[PlyCount "47"]
[EventDate "2022.03.28"]
[EventType "swiss"]
[EventRounds "9"]
[EventCountry "ESP"]
[SourceTitle "Ajedrez en Madrid"]
[Source "lmi"]
[SourceDate "2022.03.28"]
[SourceVersion "1"]
[SourceVersionDate "2022.04.18"]
[SourceQuality "1"]

1. e4 d5 2. exd5 Qxd5 3. Nc3 Qa5 4. g3 Nf6 5. Bg2 c6 6. d3 Bg4 7. Nge2 e6 8. h3
Bh5 9. Bd2 Qc7 10. g4 Bg6 11. Nf4 Bd6 12. Qf3 Nbd7 13. Nxg6 hxg6 14. O-O-O Nb6
15. Ne4 Nxe4 16. dxe4 Nc4 17. Bc3 Be5 18. Qd3 b5 19. b3 Bf4+ 20. Kb1 Ne5 21.
Qd6 Rc8 22. Qxc7 Rxc7 23. Bxe5 Bxe5 24. Rd3 1/2-1/2

[Event "Madrid ch Veteranos 2122"]
[Site "Madrid ESP"]
[Date "2022.04.01"]
[Round "5.7"]
[White "Vazquez Gonzalez, Jesus"]
[Black "Moreno Torrero, Javier"]
[Result "1/2-1/2"]
[WhiteElo "1853"]
[BlackElo "1952"]
[PlyCount "50"]
[EventDate "2022.03.28"]
[EventType "swiss"]
[EventRounds "9"]
[EventCountry "ESP"]
[SourceTitle "Ajedrez en Madrid"]
[Source "lmi"]
[SourceDate "2022.03.28"]
[SourceVersion "1"]
[SourceVersionDate "2022.04.18"]
[SourceQuality "1"]

1. c4 Nf6 2. g3 g6 3. Bg2 Bg7 4. Nc3 c5 5. e3 O-O 6. Nge2 d6 7. O-O Nbd7 8. d4
a6 9. b3 Rb8 10. a4 b6 11. f4 Bb7 12. d5 Qc7 13. e4 e6 14. Ra2 exd5 15. exd5
Rfe8 16. h3 h5 17. Kh2 Nf8 18. Bd2 Bc8 19. Ng1 Bf5 20. Re1 Rxe1 21. Bxe1 Re8
22. Re2 Qd7 23. Nf3 Ne4 24. Nxe4 Bxe4 25. Nh4 Bxg2 1/2-1/2

[Event "Madrid ch Veteranos 2122"]
[Site "Madrid ESP"]
[Date "2022.04.01"]
[Round "5.8"]
[White "Marin Aso, Jose Luis"]
[Black "Lopez de Turiso, Jose Angel"]
[Result "1/2-1/2"]
[WhiteElo "1834"]
[BlackElo "1935"]
[PlyCount "43"]
[EventDate "2022.03.28"]
[EventType "swiss"]
[EventRounds "9"]
[EventCountry "ESP"]
[SourceTitle "Ajedrez en Madrid"]
[Source "lmi"]
[SourceDate "2022.03.28"]
[SourceVersion "1"]
[SourceVersionDate "2022.04.18"]
[SourceQuality "1"]

1. c4 e6 2. Nc3 d5 3. e3 c6 4. b3 f5 5. Bb2 Nf6 6. Nf3 Bd6 7. Be2 O-O 8. Qc2
Na6 9. a3 Nc7 10. d4 Bd7 11. Ne5 Be8 12. O-O Bh5 13. b4 Bxe2 14. Qxe2 Bxe5 15.
dxe5 Ng4 16. h3 Nh6 17. Rad1 f4 18. exf4 Rxf4 19. cxd5 cxd5 20. Bc1 Rf5 21. g4
Rf7 22. Bxh6 1/2-1/2

[Event "Madrid ch Veteranos 2122"]
[Site "Madrid ESP"]
[Date "2022.04.01"]
[Round "5.9"]
[White "Garcia Galeote, Lorenzo"]
[Black "Pastor Alonso De Prado, Alberto"]
[Result "0-1"]
[WhiteElo "1862"]
[BlackElo "2106"]
[PlyCount "106"]
[EventDate "2022.03.28"]
[EventType "swiss"]
[EventRounds "9"]
[EventCountry "ESP"]
[SourceTitle "Ajedrez en Madrid"]
[Source "lmi"]
[SourceDate "2022.03.28"]
[SourceVersion "1"]
[SourceVersionDate "2022.04.18"]
[SourceQuality "1"]

1. Nf3 Nf6 2. d4 d5 3. e3 e6 4. Bd3 c5 5. c3 Nc6 6. O-O Bd6 7. Nbd2 O-O 8. Qe2
e5 9. dxe5 Nxe5 10. Nxe5 Bxe5 11. Nf3 Bc7 12. h3 Qe7 13. c4 Be6 14. b3 Rfd8 15.
Bb2 Rd7 16. Rfd1 Rad8 17. cxd5 Rxd5 18. Bc2 a6 19. Rxd5 Bxd5 20. Rd1 h6 21.
Bxf6 Qxf6 22. e4 Bc6 23. Rxd8+ Qxd8 24. Qe3 Qd6 25. g3 b5 26. Qe2 Qe6 27. g4 h5
28. Ng5 Qf6 29. Nf3 hxg4 30. hxg4 Qf4 31. g5 Qg4+ 32. Kh1 g6 33. Qd3 Kh7 34.
Ng1 Qxg5 35. Nh3 Qg4 36. Qe3 Kg7 37. f4 Kg8 38. Bd3 Qd7 39. Ng5 f6 40. Nh3 Qd4
41. Qf3 c4 42. Bc2 Qa1+ 43. Bd1 c3 44. Kh2 Qxa2+ 45. Be2 Qd2 46. Qg4 Bxe4 47.
Qc8+ Bd8 48. Kg3 Bf5 49. Qc6 Qxe2 50. Nf2 Qe3+ 51. Kg2 Bb6 52. Qa8+ Kg7 53.
Qb7+ Kh6 0-1

[Event "Madrid ch Veteranos 2122"]
[Site "Madrid ESP"]
[Date "2022.04.01"]
[Round "5.10"]
[White "Lopez Molina, Santiago Jorge"]
[Black "De Luna Butz, Alberto"]
[Result "1-0"]
[WhiteElo "1868"]
[BlackElo "1638"]
[PlyCount "101"]
[EventDate "2022.03.28"]
[EventType "swiss"]
[EventRounds "9"]
[EventCountry "ESP"]
[SourceTitle "Ajedrez en Madrid"]
[Source "lmi"]
[SourceDate "2022.03.28"]
[SourceVersion "1"]
[SourceVersionDate "2022.04.18"]
[SourceQuality "1"]

1. e4 d5 2. exd5 Qxd5 3. d4 e5 4. Nf3 Nc6 5. c4 Qe4+ 6. Be3 exd4 7. Nxd4 Nxd4
8. Qxd4 Bf5 9. Qxe4+ Bxe4 10. Nd2 Bc6 11. O-O-O O-O-O 12. Nb3 Rxd1+ 13. Kxd1
Be7 14. Nd4 Be4 15. f3 Bg6 16. g3 Bf6 17. Bh3+ Kb8 18. Ke2 Ne7 19. Rd1 Rd8 20.
b3 a6 21. f4 Be4 22. Rd2 b6 23. g4 Bxd4 24. Bxd4 f6 25. Ke3 Bb7 26. g5 fxg5 27.
fxg5 g6 28. Bf6 Rxd2 29. Kxd2 Nf5 30. Kd3 Kc8 31. Bxf5+ gxf5 32. Kd4 f4 33. h4
Kd7 34. h5 f3 35. Ke3 Ke6 36. Bd8 b5 37. cxb5 axb5 38. Bxc7 Kf7 39. Bg3 Bc6 40.
Kf4 Bb7 41. a4 bxa4 42. bxa4 Ke6 43. Bf2 Bd5 44. Bd4 Bb7 45. a5 Bc6 46. a6 Bb5
47. a7 Bc6 48. g6 h6 49. Kg3 Bd5 50. Be3 Kf5 51. g7 1-0

[Event "Madrid ch Veteranos 2122"]
[Site "Madrid ESP"]
[Date "2022.04.01"]
[Round "5.11"]
[White "Villares Galiano, Luis"]
[Black "Sanchez Peral, Pedro"]
[Result "1-0"]
[WhiteElo "1936"]
[BlackElo "1797"]
[PlyCount "101"]
[EventDate "2022.03.28"]
[EventType "swiss"]
[EventRounds "9"]
[EventCountry "ESP"]
[SourceTitle "Ajedrez en Madrid"]
[Source "lmi"]
[SourceDate "2022.03.28"]
[SourceVersion "1"]
[SourceVersionDate "2022.04.18"]
[SourceQuality "1"]

1. e4 d5 2. exd5 Nf6 3. Bb5+ Bd7 4. Be2 Nxd5 5. d4 g6 6. c4 Nf6 7. Nc3 Bg7 8.
Nf3 Bg4 9. h3 Bxf3 10. Bxf3 c6 11. Be3 O-O 12. O-O Nbd7 13. Qc2 Nb6 14. b3 e6
15. a4 a5 16. Rad1 Qc7 17. Rfe1 Rac8 18. Qc1 Nbd7 19. c5 Nd5 20. Nxd5 cxd5 21.
Bf4 Qc6 22. Bd6 Rfe8 23. Be2 Rcd8 24. Bb5 Qc8 25. Qd2 Qa8 26. Bc7 Rf8 27. Bxa5
Nf6 28. Bxd8 Rxd8 29. Bd3 Rc8 30. Ra1 Nd7 31. Bb5 Nxc5 32. dxc5 Bxa1 33. Rxa1
Rxc5 34. Rc1 Qc8 35. Rxc5 Qxc5 36. Qb2 d4 37. Bd3 Qb4 38. Kf1 b6 39. Ke2 Qd6
40. g3 e5 41. Qc2 f5 42. f3 Kg7 43. Qc4 Kf6 44. b4 h5 45. h4 g5 46. hxg5+ Kxg5
47. Qg8+ Kf6 48. Qh8+ Kg6 49. Qe8+ Kg5 50. Bxf5 Qxb4 51. Qg6# 1-0

[Event "Madrid ch Veteranos 2122"]
[Site "Madrid ESP"]
[Date "2022.04.01"]
[Round "5.12"]
[White "Garcia Martin, Esteban"]
[Black "Jimenez Gonzalez, Marcos"]
[Result "1/2-1/2"]
[WhiteElo "1895"]
[BlackElo "1761"]
[PlyCount "110"]
[EventDate "2022.03.28"]
[EventType "swiss"]
[EventRounds "9"]
[EventCountry "ESP"]
[SourceTitle "Ajedrez en Madrid"]
[Source "lmi"]
[SourceDate "2022.03.28"]
[SourceVersion "1"]
[SourceVersionDate "2022.04.18"]
[SourceQuality "1"]

1. c4 e5 2. Nc3 d6 3. g3 Be7 4. Bg2 f5 5. e4 Nf6 6. Nge2 O-O 7. O-O c6 8. d4
fxe4 9. Nxe4 Bf5 10. N2c3 Nbd7 11. Nxf6+ Nxf6 12. d5 Qd7 13. Qe2 Rae8 14. Be3
c5 15. f3 Bd8 16. h4 Bh3 17. Kh2 Bxg2 18. Qxg2 a6 19. Qh3 Qxh3+ 20. Kxh3 e4 21.
Bf4 Bc7 22. fxe4 Nxe4 23. Nxe4 Rxe4 24. Rae1 Rfe8 25. Bd2 Bd8 26. Rxe4 Rxe4 27.
Re1 Rxe1 28. Bxe1 Bf6 29. b3 h5 30. g4 hxg4+ 31. Kxg4 Be5 32. Kf5 Kf7 33. h5 b5
34. a3 bxc4 35. bxc4 Bh2 36. Bf2 Ke7 37. Be1 Be5 38. Bd2 Bd4 39. Bf4 Bc3 40.
Kg6 Bd4 41. Bg5+ Kf8 42. Bf4 Ke7 43. Bg5+ Kf8 44. Kf5 Kf7 45. Bf4 Ke7 46. Bg3
Bc3 47. Kg6 Bd4 48. Bh4+ Kf8 49. Be1 Be5 50. Bd2 Ke7 51. h6 gxh6 52. Bxh6 Bd4
53. Bg5+ Kd7 54. Bf6 Be3 55. Kf7 Bf4 1/2-1/2

[Event "Madrid ch Veteranos 2122"]
[Site "Madrid ESP"]
[Date "2022.04.01"]
[Round "5.13"]
[White "Cano Mercado, Francisco Manuel"]
[Black "Toledo Aguirre, Gonzalo"]
[Result "0-1"]
[WhiteElo "1715"]
[BlackElo "1879"]
[PlyCount "74"]
[EventDate "2022.03.28"]
[EventType "swiss"]
[EventRounds "9"]
[EventCountry "ESP"]
[SourceTitle "Ajedrez en Madrid"]
[Source "lmi"]
[SourceDate "2022.03.28"]
[SourceVersion "1"]
[SourceVersionDate "2022.04.18"]
[SourceQuality "1"]

1. d4 f5 2. Bf4 Nf6 3. e3 d5 4. Nf3 e6 5. Nbd2 c5 6. c3 Nc6 7. Bd3 Be7 8. Ne5
O-O 9. O-O Bd7 10. Bg3 Be8 11. f3 Bh5 12. Be2 Rc8 13. Re1 a6 14. dxc5 Bxc5 15.
Nf1 Qb6 16. Qd2 Rcd8 17. b4 Be7 18. Nxc6 Qxc6 19. a4 Bd6 20. b5 axb5 21. Bxb5
Qc7 22. Rac1 Bf7 23. Qe2 e5 24. Bf2 Rc8 25. Ng3 g6 26. Nf1 Rfd8 27. Red1 Kg7
28. Bh4 Be7 29. Bf2 Qa5 30. c4 dxc4 31. Bxc4 Rxd1 32. Rxd1 Bxc4 33. Qb2 Bxf1
34. Qxb7 Rc7 35. Qb2 Ba6 36. Be1 Qc5 37. Bf2 Qc2 0-1

[Event "Madrid ch Veteranos 2122"]
[Site "Madrid ESP"]
[Date "2022.04.01"]
[Round "5.14"]
[White "Vinas Lopez, Carlos"]
[Black "Lopez Heras, Arturo"]
[Result "1-0"]
[WhiteElo "1860"]
[BlackElo "1757"]
[PlyCount "81"]
[EventDate "2022.03.28"]
[EventType "swiss"]
[EventRounds "9"]
[EventCountry "ESP"]
[SourceTitle "Ajedrez en Madrid"]
[Source "lmi"]
[SourceDate "2022.03.28"]
[SourceVersion "1"]
[SourceVersionDate "2022.04.18"]
[SourceQuality "1"]

1. d4 g6 2. e4 Bg7 3. Nf3 d6 4. c4 Nf6 5. Nc3 a5 6. Be2 O-O 7. h3 e5 8. dxe5
dxe5 9. Qxd8 Rxd8 10. Bg5 Re8 11. Nd5 Nxd5 12. cxd5 f5 13. Be3 f4 14. Bd2 c6
15. dxc6 Nxc6 16. Bb5 Bd7 17. Rd1 Re7 18. O-O h6 19. Bc3 Nd4 20. Nxd4 exd4 21.
Bc4+ Kh7 22. Bxd4 Bxd4 23. Rxd4 f3 24. Rfd1 Bc6 25. gxf3 Rf8 26. Kg2 Re5 27. h4
Rh5 28. Bd5 Bb5 29. Bxb7 Be2 30. Rd7+ Kh8 31. Rd8 Kg7 32. Rxf8 Kxf8 33. Rd5
Rxh4 34. Rxa5 Rf4 35. Ra3 Ke7 36. Re3 Bc4 37. b3 Be6 38. a4 Rf8 39. a5 Bc8 40.
Bxc8 Rxc8 41. b4 1-0

[Event "Madrid ch Veteranos 2122"]
[Site "Madrid ESP"]
[Date "2022.04.01"]
[Round "5.17"]
[White "Vukotic Jovsic, Dragan"]
[Black "Pareja Vicente, Antonio"]
[Result "1/2-1/2"]
[WhiteElo "1834"]
[BlackElo "1604"]
[PlyCount "113"]
[EventDate "2022.03.28"]
[EventType "swiss"]
[EventRounds "9"]
[EventCountry "ESP"]
[SourceTitle "Ajedrez en Madrid"]
[Source "lmi"]
[SourceDate "2022.03.28"]
[SourceVersion "1"]
[SourceVersionDate "2022.04.18"]
[SourceQuality "1"]

1. d4 Nf6 2. Bf4 d6 3. Nf3 g6 4. e3 Bg7 5. h3 Nbd7 6. Be2 O-O 7. c4 c5 8. Nc3
Qb6 9. Qd2 Rd8 10. O-O cxd4 11. exd4 e5 12. Be3 Qc7 13. Nb5 Qb8 14. c5 Ne4 15.
Qc2 Ndf6 16. cxd6 Bf5 17. g4 Qc8 18. Qxc8 Bxc8 19. dxe5 Nd5 20. Nc7 Nxe3 21.
Nxa8 Nxf1 22. Kxf1 Bxg4 23. hxg4 Rxa8 24. Rc1 Rd8 25. Rc7 Bxe5 26. Nxe5 Rxd6
27. Rxb7 f6 28. Bc4+ Kf8 29. Nf3 Rb6 30. Rxh7 Rxb2 31. Rxa7 Rxf2+ 32. Ke1 Rxf3
33. a4 Ra3 34. a5 Nd6 35. Bd5 Rd3 36. Bc6 Ra3 37. a6 Nc8 38. Ra8 Ke7 39. Bb7
Nb6 40. Rg8 Kf7 41. Rd8 Ke6 42. Re8+ Kd6 43. Rg8 g5 44. Re8 Ra4 45. Re4 Rxe4+
46. Bxe4 Ke5 47. Bf5 Na8 48. Kd2 Kd4 49. Kc2 Nc7 50. Bc8 Kc5 51. Kd3 Nb5 52.
Bb7 Kb6 53. Ke4 Nd6+ 54. Kd5 Nf7 55. Bc8 Nh6 56. Kd6 Nxg4 57. Bxg4 1/2-1/2

[Event "Madrid ch Veteranos 2122"]
[Site "Madrid ESP"]
[Date "2022.04.01"]
[Round "5.19"]
[White "Barahona Torrijos, Angel"]
[Black "Caravantes Camacho, Fernando"]
[Result "1-0"]
[WhiteElo "1822"]
[BlackElo "1554"]
[PlyCount "53"]
[EventDate "2022.03.28"]
[EventType "swiss"]
[EventRounds "9"]
[EventCountry "ESP"]
[SourceTitle "Ajedrez en Madrid"]
[Source "lmi"]
[SourceDate "2022.03.28"]
[SourceVersion "1"]
[SourceVersionDate "2022.04.18"]
[SourceQuality "1"]

1. d4 Nf6 2. Bg5 c5 3. d5 Ne4 4. Bf4 g5 5. Be5 f6 6. e3 h5 7. Bd3 d6 8. Bxe4
dxe5 9. Bg6+ Kd7 10. Nc3 a6 11. a4 Kc7 12. a5 f5 13. e4 f4 14. Bxh5 Nc6 15.
dxc6 Qxd1+ 16. Bxd1 g4 17. cxb7 Bxb7 18. Bxg4 Rd8 19. Nf3 Bg7 20. Ng5 Rdg8 21.
Ne6+ Kb8 22. Nxc5 Bf6 23. Bf3 Bc8 24. Nd5 Bh4 25. Nb6 Bg4 26. Ke2 Kc7 27. Nxa6+
1-0

[Event "Madrid ch Veteranos 2122"]
[Site "Madrid ESP"]
[Date "2022.04.01"]
[Round "5.20"]
[White "Esteban Amo, Jose M."]
[Black "Jimenez Ascarza, Jose Ignacio"]
[Result "1-0"]
[WhiteElo "1874"]
[BlackElo "1445"]
[PlyCount "43"]
[EventDate "2022.03.28"]
[EventType "swiss"]
[EventRounds "9"]
[EventCountry "ESP"]
[SourceTitle "Ajedrez en Madrid"]
[Source "lmi"]
[SourceDate "2022.03.28"]
[SourceVersion "1"]
[SourceVersionDate "2022.04.18"]
[SourceQuality "1"]

1. d4 d5 2. Nf3 Nf6 3. e3 c6 4. c4 e6 5. Nc3 Be7 6. Bd3 b6 7. O-O O-O 8. Qe2
Bb7 9. e4 dxe4 10. Nxe4 c5 11. dxc5 bxc5 12. Bf4 Nc6 13. Rad1 Qb6 14. Bg5 Nd4
15. Nxd4 cxd4 16. Nxf6+ Bxf6 17. Bxf6 gxf6 18. Bxh7+ Kxh7 19. Qh5+ Kg7 20. Qg4+
Kh7 21. Rd3 Bf3 22. Rxf3 1-0

[Event "Madrid ch Veteranos 2122"]
[Site "Madrid ESP"]
[Date "2022.04.01"]
[Round "5.23"]
[White "Menendez Domens, Juan Manuel"]
[Black "Camarero Izquierdo, Juan Carlos"]
[Result "0-1"]
[WhiteElo "1449"]
[BlackElo "1861"]
[PlyCount "76"]
[EventDate "2022.03.28"]
[EventType "swiss"]
[EventRounds "9"]
[EventCountry "ESP"]
[SourceTitle "Ajedrez en Madrid"]
[Source "lmi"]
[SourceDate "2022.03.28"]
[SourceVersion "1"]
[SourceVersionDate "2022.04.18"]
[SourceQuality "1"]

1. d4 f5 2. e3 Nf6 3. Bd3 e6 4. Nd2 d5 5. Ngf3 Bd6 6. Ne5 Bxe5 7. dxe5 Ng4 8.
Nf3 Nd7 9. b3 Ndxe5 10. Nxe5 Nxe5 11. Bb2 Nxd3+ 12. cxd3 Qg5 13. Rg1 O-O 14.
Qc2 c6 15. f4 Qh6 16. h3 a5 17. a4 Bd7 18. Qc3 e5 19. Qxe5 Rae8 20. Qd4 c5 21.
Qxd5+ Be6 22. Qxc5 Bxb3 23. Kd2 Rc8 24. Qa3 Rc2+ 25. Ke1 Bd5 26. Rc1 Qh4+ 27.
g3 Rxc1+ 28. Bxc1 Qxh3 29. Qd6 Bc6 30. Ba3 Re8 31. Qc5 Qh2 32. Kf1 Bf3 33. Qc4+
Kh8 34. d4 Bg4 35. Be7 Bh3+ 36. Ke1 Qxg1+ 37. Kd2 Qf2+ 38. Kc3 Qxe3+ 0-1

[Event "Madrid ch Veteranos 2122"]
[Site "Madrid ESP"]
[Date "2022.04.01"]
[Round "5.24"]
[White "Martin Sanchez, Pablo"]
[Black "Lopez Del Moral Lopez de, Rafael"]
[Result "1-0"]
[WhiteElo "1766"]
[BlackElo "1432"]
[PlyCount "78"]
[EventDate "2022.03.28"]
[EventType "swiss"]
[EventRounds "9"]
[EventCountry "ESP"]
[SourceTitle "Ajedrez en Madrid"]
[Source "lmi"]
[SourceDate "2022.03.28"]
[SourceVersion "1"]
[SourceVersionDate "2022.04.18"]
[SourceQuality "1"]

1. e4 e5 2. Nf3 Nc6 3. Bb5 Nf6 4. d3 d6 5. c3 Be7 6. Nbd2 Bd7 7. Ba4 O-O 8. Nf1
a6 9. Ng3 b5 10. Bc2 d5 11. Qe2 dxe4 12. dxe4 Qc8 13. O-O b4 14. Rd1 bxc3 15.
bxc3 Bc5 16. Be3 Bb6 17. Rab1 Rb8 18. Bd3 a5 19. Bb5 Qe8 20. a4 Na7 21. Bxb6
Nxb5 22. Bxa5 Nd6 23. Bxc7 Rxb1 24. Rxb1 Nc8 25. Bxe5 Bxa4 26. Bxf6 gxf6 27.
Nd4 Ne7 28. Qf3 f5 29. exf5 Kh8 30. Nh5 Ng6 31. Nf6 Qe7 32. Nxh7 Kxh7 33. fxg6+
fxg6 34. Qb7 Bd7 35. h3 Rf7 36. Qb2 Qg5 37. Qc1 Qh4 38. Qe3 Qh5 39. Nf3 Kg8 1-0

[Event "Madrid ch Veteranos 2122"]
[Site "Madrid ESP"]
[Date "2022.04.01"]
[Round "5.25"]
[White "Mendez Martinez, Miguel Angel"]
[Black "Argelina Diaz, Juan Angel"]
[Result "1/2-1/2"]
[WhiteElo "1763"]
[BlackElo "1455"]
[PlyCount "111"]
[EventDate "2022.03.28"]
[EventType "swiss"]
[EventRounds "9"]
[EventCountry "ESP"]
[SourceTitle "Ajedrez en Madrid"]
[Source "lmi"]
[SourceDate "2022.03.28"]
[SourceVersion "1"]
[SourceVersionDate "2022.04.18"]
[SourceQuality "1"]

1. c4 e5 2. Nc3 Nf6 3. e4 Bc5 4. Be2 Nc6 5. Nf3 a6 6. d3 h6 7. O-O d6 8. h3 Be6
9. Be3 Nd7 10. Bxc5 Nxc5 11. Nd5 O-O 12. b4 Nd7 13. Qd2 Bxd5 14. cxd5 Ne7 15.
Nh2 f5 16. f4 Ng6 17. fxe5 Ndxe5 18. exf5 Ne7 19. f6 Nxd5 20. fxg7 Kxg7 21. d4
Ng6 22. Rxf8 Qxf8 23. Rf1 Qe7 24. Ng4 Qg5 25. Qxg5 hxg5 26. Bc4 Nge7 27. Bxd5
Nxd5 28. Rf5 Nxb4 29. Rxg5+ Kf7 30. Rf5+ Kg6 31. Rf2 b5 32. h4 Kh5 33. Ne3 Kxh4
34. Rf7 c5 35. dxc5 dxc5 36. Rf4+ Kg5 37. Rf5+ Kg6 38. Rxc5 Nxa2 39. Rc6+ Kg5
40. g3 Nb4 41. Rc5+ Kg6 42. Re5 Kf6 43. Rc5 Nd3 44. Rf5+ Ke6 45. g4 b4 46. Nd5
Kd6 47. Nb6 Rb8 48. Nc4+ Ke6 49. Ra5 Ra8 50. Nb6 Ra7 51. Nc8 Ra8 52. Nb6 Rg8
53. Na4 b3 54. g5 b2 55. Rxa6+ Kf5 56. Rb6 1/2-1/2

[Event "Madrid ch Veteranos 2122"]
[Site "Madrid ESP"]
[Date "2022.04.01"]
[Round "5.27"]
[White "Lopez Manso, Jeronimo"]
[Black "Ramos Antona, Enrique"]
[Result "1-0"]
[WhiteElo "1410"]
[BlackElo "1512"]
[PlyCount "106"]
[EventDate "2022.03.28"]
[EventType "swiss"]
[EventRounds "9"]
[EventCountry "ESP"]
[SourceTitle "Ajedrez en Madrid"]
[Source "lmi"]
[SourceDate "2022.03.28"]
[SourceVersion "1"]
[SourceVersionDate "2022.04.18"]
[SourceQuality "1"]

1. f4 d5 2. e3 Nf6 3. Nf3 g6 4. b3 Bg7 5. Bb2 O-O 6. c4 c6 7. Nc3 Bg4 8. Be2
Qb6 9. Na4 Qd8 10. O-O Nbd7 11. Rc1 Rc8 12. h3 Bxf3 13. Bxf3 b6 14. d3 e6 15.
g4 h6 16. Qe1 Nh7 17. Bxg7 Kxg7 18. Qg3 Kh8 19. Nc3 Rg8 20. Kh1 Qe7 21. Bg2 f5
22. e4 d4 23. Ne2 c5 24. Ng1 Rcf8 25. e5 g5 26. Rce1 fxg4 27. hxg4 gxf4 28. Qh3
Qg5 29. Be4 Nxe5 30. Nf3 Nxf3 31. Bxf3 Rf6 32. Re2 Nf8 33. Rfe1 Ng6 34. Rxe6
Rxe6 35. Rxe6 Kg7 36. Kg2 Qh4 37. Qxh4 Nxh4+ 38. Kf2 Nxf3 39. Kxf3 Rf8 40. Re7+
Kf6 41. Rxa7 Kg5 42. Rd7 Re8 43. Rd5+ Kg6 44. Kxf4 Re3 45. Rd6+ Kg7 46. Rxb6
Rxd3 47. a4 Rd1 48. a5 d3 49. Ke3 Rg1 50. Kxd3 Rxg4 51. a6 Rd4+ 52. Ke3 h5 53.
a7 Rd8 1-0